000
00230nam a2200097Ia 4500
001
647576
005
20250826153705.0
008
250824s9999 xx 000 0 und d
245
0
_a
Ruby Rogers Oyunbozan
_c
Sue Limb
260
_b
ALTIN
999
_c
647576
_d
647576